Statistics for Germany - France UEFA Euro 2016 - Semi Finals

Click here to take the quiz!

General Stats

  • This quiz has been taken 253 times
  • The average score is 20 of 30

Answer Stats

Player% Correct
Manuel Neuer
98%
Antoine Griezmann ²
95%
Hugo Lloris
94%
Olivier Giroud
92%
Thomas Müller
91%
Jérôme Boateng
90%
Paul Pogba
89%
Joshua Kimmich
80%
Joachim Löw
79%
Didier Deschamps
78%
Toni Kroos
75%
Mesut Özil
74%
Samuel Umtiti
74%
Dimitri Payet
72%
Bastian Schweinsteiger
71%
N'Golo Kanté
70%
Blaise Matuidi
69%
Laurent Koscielny
66%
Patrice Evra
66%
Mario Götze
62%
Bacary Sagna
60%
Jonas Hector
58%
Benedikt Höwedes
52%
Moussa Sissoko
51%
Julian Draxler
50%
Leroy Sané
50%
André-Pierre Gignac
40%
Emre Can
33%
Shkodran Mustafi
31%
Yohan Cabaye
20%

Score Distribution

Percentile by Number Answered

Percent of People with Each Score

Your Score History

You have not taken this quiz